000
00407cam a22001574a 4500
005
20250605163720.0
008
250528s ||||||||||||||||||||||||d
035
_a
24891
040
_a
GR-AtMCL
_b
gre
_d
GR-AtMCL
_e
AACR2
245
1
_a
Εισαγωγή στον Τουρισμό
300
_a
344
700
1
_a
Ηγουμενάκης Νίκος Γ
942
_c
BK
999
_c
9726
_d
9726